000
00305nam a22001337a 4500
008
210225b ||||| |||| 00| 0 eng d
020
_a
9780495901136
041
_a
eng
080
_2
5th
_a
070
100
_a
39
101
_a
MED
245
_a
Essentials of Public Speaking
_c
Hamilton,CH
942
_2
udc
_c
BK
999
_c
55218
_d
55218